| 000 | 00953 a2200229 4500 | ||
|---|---|---|---|
| 003 | Nust | ||
| 005 | 20220719181109.0 | ||
| 010 | _a 80019386 | ||
| 020 | _a0273085042 | ||
| 040 | _cNust | ||
| 082 | 0 | 0 | _a001.64,AND |
| 100 | 1 |
_aAndrews, Michael, _993880 |
|
| 245 | 1 | 0 |
_aPrinciples of firmware engineering in microprogram control / _cMichael Andrews. |
| 260 |
_aPotomac, Md. : _bComputer Science Press, _cc1980. |
||
| 300 |
_axv, 347 p. : _bill. ; _c24 cm. |
||
| 440 | 0 |
_aDigital system design series _993881 |
|
| 505 | _aControl in Digital Machines (Page-1), Sequencing Inside the Control Unit (Page-43), Microinstruction Organization (Page-80), Minimization of ROM Width (Page-122), Firmware Engineering (Page-165), A Firmware Engineering Development Tool (Page-210), Microcontrollers (Page-275). | ||
| 650 | 0 |
_aComputer firmware. _993882 |
|
| 650 | 0 |
_aMicroprogramming. _993883 |
|
| 650 | 0 |
_aSystem design. _92255 |
|
| 942 |
_2ddc _cBK _k001.64,AND |
||
| 999 |
_c179862 _d179862 |
||